000 00561nam a2200193 i 4500
001 13540
003 ES-MaACL
005 20230906150616.0
007 t|
008 980514s1997 sp a |||| | spa d
020 _a84-282-1010-1
080 _a635.913
100 1 _aMiralles de Imperial Hornedo, Rosario.
_981497
245 1 0 _aGuía de las flores secas de España /
_cRosario Miralles de Imperial.
260 _aBarcelona :
_bOmega,
_c[1997]
300 _aVII, 275 p. :
_bil. ;
_c22 cm.
650 1 4 _aFlores-
_xSecado.
_912909
852 _aES-MaACL
_jL-20890
999 _c13540
_d13540